000 00460nam a2200181Ia 4500
001 22982
005 20260414150907.0
008 260414t2016||||xx |||||||||||||| ||spa||
041 _aESP
082 _a624.171
_bY44
100 _aYe, Jianqiao
_eAUT
245 0 _aStructural and stress analysis :
_btheories, tutorial and examples
260 _c2016
300 _axiv, 261 páginas :
_c25 cm.
650 _a0
654 _aCIC
942 _cLIB
_dJUS
_fJUS
_2ddc
_n
999 _c22982
_d22982